| 000 | 00590nam a2200241Ia 4500 | ||
|---|---|---|---|
| 005 | 20250425161941.0 | ||
| 008 | 250425s9999 xx 000 0 und d | ||
| 020 | _a9634227272 | ||
| 041 | _aspa | ||
| 082 | _a658.5 | ||
| 100 | _aTAWFIK, LOUIS | ||
| 245 | 0 | _aADMINISTRACION DE LA PRODUCCION | |
| 250 | _a1A ED. | ||
| 260 | _aMEXICO | ||
| 260 |
_aMéxico _bMCGRAW-HILL _c1992 |
||
| 300 | _a404 | ||
| 650 | _aGESTION DE LA PRODUCCION | ||
| 650 | _aPLANIFICACION DE LA PRODUCCION | ||
| 650 | _aPRODUCCION | ||
| 650 | _aTECNICAS DE PRODUCCION | ||
| 942 | _c01 | ||
| 010 | _a36489 | ||
| 999 |
_c219483 _d219483 |
||